Meilleur défenseur droit de l'année - Statistiques

Statistiques générales
  • Ce quiz a été pris 152 fois
  • Le résultat moyen est 7 sur 15
Statistiques - réponses
Année Joueur % Correct
2022 Hakimi
80%
2021 Alexander-Arnold
67%
2015 Dani Alves
67%
2019 Alexander-Arnold
62%
2009 Dani Alves
61%
2011 Dani Alves
60%
2017 Dani Alves
57%
2013 Lahm
51%
2014 Lahm
50%
2018 (défenseur central de métier) Ramos
46%
2008 Ramos
45%
2020 Kimmich
38%
2012 Ramos
38%
2010 Maicon
12%
2016 (défenseur central de métier) Boateng
6%
Aucun quiz correspondant
Distribution des résultats
% des personnes avec chaque résultat
Percentile par nombre de réponses
Votre historique - résultats
Vous n’avez pas pris ce quiz